[Event "Lichtenberger Sommer 2016"]
[Site "?"]
[Date "2016.08.21"]
[Round "9.35"]
[White "Acikel, Mert"]
[Black "Kröncke, Manfred"]
[Result "1/2-1/2"]
[WhiteElo "1820"]
[BlackElo "2039"]
[PlyCount "51"]
[EventDate "2016.??.??"]
[WhiteTeam "SK König Tegel"]
[BlackTeam "SG Glückstadt"]

1. e4 c5 2. Nf3 e6 3. d4 cxd4 4. Nxd4 Nc6 5. Nc3 Qc7 6. Be2 a6 7. O-O Nf6 8.
Be3 Bb4 9. Na4 O-O 10. Nxc6 bxc6 11. f4 Be7 12. Bd3 c5 13. c4 d6 14. Qf3 Rb8
15. b3 Bb7 16. Nc3 Nd7 17. Qh3 g6 18. f5 Bf6 19. Rac1 Bd4 20. Bxd4 cxd4 21.
fxe6 dxc3 22. exd7 Rbd8 23. Rxc3 Rxd7 24. Rc2 Re7 25. Re2 Re5 26. Rfe1 1/2-1/2

[Event "Lichtenberger Sommer 2016"]
[Site "?"]
[Date "2016.08.21"]
[Round "9.36"]
[White "Kornrumpf, Joachim"]
[Black "Bauder, Herbert"]
[Result "1/2-1/2"]
[WhiteElo "2076"]
[BlackElo "1924"]
[PlyCount "33"]
[EventDate "2016.??.??"]
[WhiteTeam "Preetzer TSV"]
[BlackTeam "Lasker Steglitz-Wilmersdorf"]

1. b3 e5 2. Bb2 Nc6 3. e3 Nf6 4. c4 d5 5. cxd5 Nxd5 6. d3 Bb4+ 7. Nd2 O-O 8. a3
Be7 9. Ngf3 f6 10. Be2 Be6 11. Qc2 Qd7 12. O-O a6 13. Rac1 Bd6 14. Ne4 Qe7 15.
b4 Kh8 16. Nc5 Ndxb4 17. Qd2 1/2-1/2

[Event "Lichtenberger Sommer 2016"]
[Site "?"]
[Date "2016.08.21"]
[Round "9.37"]
[White "Baranowsky, Peter"]
[Black "Guenther, Thomas"]
[Result "1/2-1/2"]
[WhiteElo "1923"]
[BlackElo "2044"]
[PlyCount "142"]
[EventDate "2016.??.??"]
[WhiteTeam "SF 1903 Berlin"]
[BlackTeam "SV Senat (FV Schach)"]

1. e4 c5 2. Nf3 Nc6 3. d4 cxd4 4. Nxd4 Qb6 5. Nb3 Nf6 6. Nc3 e6 7. Qe2 Qc7 8.
Bg5 Be7 9. g4 a6 10. f4 h6 11. Bxf6 Bxf6 12. Qf2 g5 13. f5 Bxc3+ 14. bxc3 Qe5
15. O-O-O Qxe4 16. fxe6 dxe6 17. Bg2 Qf4+ 18. Qxf4 gxf4 19. Bxc6+ bxc6 20. Rd6
e5 21. Re1 Ke7 22. Rxc6 f6 23. Rc7+ Kd6 24. Rg7 Be6 25. Rd1+ Kc6 26. Na5+ Kb5
27. Re7 Rhe8 28. Rxe8 Rxe8 29. Nb7 Kc6 30. Na5+ Kc7 31. h3 e4 32. Rd4 Bg8 33.
a3 f3 34. Kd1 Kb6 35. Nb3 Re6 36. Nd2 Bh7 37. Ke1 f5 38. gxf5 Bxf5 39. h4 Rg6
40. Nc4+ Kc5 41. Ne3 Be6 42. Rxe4 Bd7 43. Kf2 Bc6 44. Re5+ Kd6 45. Ra5 Bb7 46.
Rh5 Ke6 47. c4 Kf7 48. Nd5 Rg2+ 49. Kxf3 Rxc2 50. Rxh6 Bxd5+ 51. cxd5 Rc3+ 52.
Ke4 Rxa3 53. Ke5 Re3+ 54. Kd4 Rh3 55. Ke5 a5 56. Ra6 Rxh4 57. Rxa5 Ke7 58. Ra7+
Kd8 59. Kd6 Rh6+ 60. Kc5 Rh1 61. Rg7 Rh6 62. Rg8+ Kd7 63. Rg7+ Kd8 64. Ra7 Rg6
65. Rb7 Rh6 66. Rb4 Kd7 67. Re4 Rg6 68. Rf4 Rh6 69. Rf5 Rg6 70. Rf7+ Kd8 71. d6
Rg1 1/2-1/2

[Event "Lichtenberger Sommer 2016"]
[Site "?"]
[Date "2016.08.21"]
[Round "9.38"]
[White "Schröter, Maik"]
[Black "Schäfer, Heiko"]
[Result "1/2-1/2"]
[WhiteElo "1904"]
[BlackElo "2078"]
[PlyCount "69"]
[EventDate "2016.??.??"]
[WhiteTeam "SG Stadtilm"]
[BlackTeam "Potsdamer SV"]

1. e4 e6 2. d4 d5 3. exd5 exd5 4. Bd3 Nc6 5. c3 Bd6 6. Ne2 Qh4 7. Ng3 Nge7 8.
Nd2 Bg4 9. Nf3 Bxg3 10. fxg3 Qh5 11. O-O O-O-O 12. Qa4 Kb8 13. b4 Nc8 14. b5
Nb6 15. Qc2 Na5 16. Ne5 f6 17. Nxg4 Qxg4 18. Bd2 h5 19. Rae1 Qd7 20. a4 Rde8
21. Bg6 Rxe1 22. Rxe1 Nac4 23. Bf4 Nc8 24. Qe2 N4d6 25. Qf3 Ne7 26. Bd3 h4 27.
g4 g6 28. Bxd6 Qxd6 29. Qe3 Nc8 30. Bxg6 Qa3 31. Bc2 Nd6 32. Re2 b6 33. Qf3
Qc1+ 34. Qf1 Qg5 35. Qf3 1/2-1/2

[Event "Lichtenberger Sommer 2016"]
[Site "?"]
[Date "2016.08.21"]
[Round "9.40"]
[White "Schnabel, Bennett"]
[Black "Kievelitz, Bernd"]
[Result "0-1"]
[WhiteElo "2044"]
[BlackElo "1866"]
[PlyCount "78"]
[EventDate "2016.??.??"]
[WhiteTeam "SV Mattnetz Berlin"]
[BlackTeam "SC Zitadelle Spandau"]

1. e4 c5 2. c3 Nf6 3. e5 Nd5 4. d4 cxd4 5. cxd4 e6 6. Nf3 b6 7. a3 Bb7 8. Bd3
Be7 9. O-O O-O 10. Qc2 f5 11. exf6 Nxf6 12. Ng5 h6 13. Nh3 Qc8 14. Qe2 Qc6 15.
f3 Bd6 16. Nc3 a6 17. Be3 Qc7 18. f4 Nc6 19. Rac1 Qd8 20. g4 Nh7 21. Bb1 Ne7
22. Qd3 g6 23. d5 Nf6 24. f5 Nxg4 25. fxg6 Bxh2+ 26. Kh1 Nxd5 27. Ne4 Ndxe3 28.
Rfe1 Nf5 29. g7 Rf7 30. Rc2 Ng3+ 31. Kg2 Nxe4 32. Rxe4 Rxg7 33. Kf1 Bxe4 34.
Qxe4 Rc8 35. Rd2 Qf6+ 36. Nf2 Nxf2 37. Rxf2 Rc1+ 38. Ke2 Qxb2+ 39. Kf3 Rf7+ 0-1

[Event "Lichtenberger Sommer 2016"]
[Site "?"]
[Date "2016.08.21"]
[Round "9.41"]
[White "Grassi, Fabrizio"]
[Black "Püschel, Werner"]
[Result "1/2-1/2"]
[WhiteElo "1839"]
[BlackElo "2028"]
[PlyCount "76"]
[EventDate "2016.??.??"]
[WhiteTeam "SV Berlin-Friedrichstadt"]
[BlackTeam "Lasker Steglitz-Wilmersdorf"]

1. d4 c5 2. dxc5 e6 3. Nd2 Bxc5 4. Ne4 d5 5. Nxc5 Qa5+ 6. c3 Qxc5 7. e4 Nf6 8.
e5 Nfd7 9. Qg4 g6 10. Nf3 Qc7 11. Bf4 b6 12. Bb5 a6 13. Bxd7+ Nxd7 14. O-O Bb7
15. Rac1 Rc8 16. Rfd1 b5 17. Nd4 h5 18. Qh3 Qb6 19. Qd3 h4 20. Nf3 Rh5 21. h3
Qa5 22. a3 Nc5 23. Qe2 Nb3 24. Rc2 Qd8 25. Qe3 Rc4 26. Nd4 Na5 27. b4 Nc6 28.
Nxc6 Rxc6 29. Rd4 Rf5 30. Bh6 Rc4 31. Bg7 Qc7 32. Qd2 Kd7 33. Bf6 Rh5 34. Rxc4
Qxc4 35. Qd4 Kc7 36. Rd2 Bc6 37. Qa7+ Bb7 38. Qd4 Bc6 1/2-1/2

[Event "Lichtenberger Sommer 2016"]
[Site "?"]
[Date "2016.08.21"]
[Round "9.42"]
[White "Kohlmeyer, Dagobert"]
[Black "Wierzbicki, Jirawat"]
[Result "0-1"]
[WhiteElo "1877"]
[BlackElo "2051"]
[PlyCount "60"]
[EventDate "2016.??.??"]
[WhiteTeam "SC Rochade (Berlin)"]
[BlackTeam "SK König Tegel"]

1. e4 e5 2. Nf3 Nc6 3. Bb5 a6 4. Bxc6 dxc6 5. O-O Bg4 6. h3 Bh5 7. d3 Bd6 8.
Re1 f6 9. Nbd2 Ne7 10. Nf1 Qd7 11. Ng3 Bf7 12. Be3 O-O-O 13. c3 g5 14. Nd2 Ng6
15. Nf5 Be6 16. Nxd6+ cxd6 17. Bb6 Rdg8 18. f3 h5 19. Nc4 g4 20. Bf2 Bxc4 21.
dxc4 gxh3 22. g3 f5 23. Qb3 h4 24. Kh2 hxg3+ 25. Bxg3 f4 26. Bf2 Nh4 27. Bxh4
Rg2+ 28. Kh1 Rxh4 29. Qb6 Qg7 30. Rg1 Qg3 0-1

[Event "Lichtenberger Sommer 2016"]
[Site "?"]
[Date "2016.08.21"]
[Round "9.43"]
[White "Silz, Elisa"]
[Black "Christensen, Andreas"]
[Result "1-0"]
[WhiteElo "1973"]
[BlackElo "1773"]
[PlyCount "93"]
[EventDate "2016.??.??"]
[WhiteTeam "SV Empor Berlin"]
[BlackTeam "Hamburger SK"]

1. d4 Nf6 2. Nf3 g6 3. c4 Bg7 4. Nc3 O-O 5. e4 d6 6. Be2 e5 7. O-O Nc6 8. d5
Ne7 9. Ne1 Nd7 10. Nd3 f5 11. Bd2 Nf6 12. f3 Kh8 13. c5 Neg8 14. cxd6 cxd6 15.
Qb3 Bh6 16. Bxh6 Nxh6 17. Nf2 Rf7 18. Rfc1 a6 19. a4 b6 20. Qd1 Rc7 21. Na2 Rc5
22. Nb4 Nhg8 23. Nc6 Qd7 24. b4 Rxc1 25. Qxc1 Bb7 26. b5 Ne7 27. Bd3 fxe4 28.
fxe4 Kg7 29. Ra3 Neg8 30. Be2 Nh6 31. Rh3 Nf7 32. Rc3 a5 33. Qe3 Bxc6 34. Rxc6
Nd8 35. Qxb6 Nxc6 36. dxc6 Qc8 37. Bc4 Kf8 38. Qe3 Kg7 39. Bd5 Nxd5 40. exd5
Qf8 41. b6 Ra6 42. Ne4 Qf5 43. b7 Rb6 44. Qxb6 Qxe4 45. h3 Qe1+ 46. Kh2 Qf1 47.
b8=Q 1-0

[Event "Lichtenberger Sommer 2016"]
[Site "?"]
[Date "2016.08.21"]
[Round "9.45"]
[White "Heuser, Philip"]
[Black "Junge, Wolfgang"]
[Result "1-0"]
[WhiteElo "2086"]
[BlackElo "1875"]
[PlyCount "65"]
[EventDate "2016.??.??"]
[WhiteTeam "Münchener SC"]
[BlackTeam "SC Friesen Lichtenberg"]

1. d4 Nf6 2. c4 e6 3. Nc3 Bb4 4. a3 Bxc3+ 5. bxc3 d5 6. f3 O-O 7. cxd5 exd5 8.
e3 Re8 9. Bd3 Nbd7 10. Ne2 Nf8 11. O-O c6 12. Ng3 Qc7 13. e4 dxe4 14. fxe4 Bg4
15. Qc2 Ng6 16. Bg5 Nh5 17. Nf5 Bxf5 18. Rxf5 Nhf4 19. Bc4 Ne6 20. Raf1 Nxg5
21. Rxg5 Re7 22. Rgf5 Rf8 23. Qf2 b6 24. h4 Nh8 25. Qf3 Qd8 26. h5 Rc7 27. Qg3
Qe7 28. Rg5 g6 29. hxg6 hxg6 30. Rxg6+ Nxg6 31. Qxg6+ Kh8 32. Qh6+ Kg8 33. Rf5
1-0

[Event "Lichtenberger Sommer 2016"]
[Site "?"]
[Date "2016.08.21"]
[Round "9.46"]
[White "Muskewitz, Bernd"]
[Black "Shapiro, Yosip"]
[Result "0-1"]
[WhiteElo "1951"]
[BlackElo "2090"]
[PlyCount "60"]
[EventDate "2016.??.??"]
[WhiteTeam "SV Mattnetz Berlin"]
[BlackTeam "SV Berolina Mitte"]

1. e4 c6 2. d4 d5 3. exd5 cxd5 4. c4 Nf6 5. Nc3 Nc6 6. cxd5 Nxd5 7. Bc4 Be6 8.
Nxd5 Bxd5 9. Bxd5 Qxd5 10. Nf3 Rd8 11. Be3 e5 12. dxe5 Bb4+ 13. Bd2 Qe4+ 14.
Qe2 Bxd2+ 15. Nxd2 Qxg2 16. O-O-O Nd4 17. Qe4 Qxf2 18. Rhf1 Qxh2 19. Kb1 Qe2
20. Rfe1 Qxe4+ 21. Nxe4 Nf3 22. Nd6+ Rxd6 23. exd6+ Nxe1 24. Rxe1+ Kd7 25. Re7+
Kxd6 26. Rxf7 h5 27. Rxg7 h4 28. Rg2 h3 29. Rh2 Ke5 30. Kc2 Kf4 0-1

[Event "Lichtenberger Sommer 2016"]
[Site "?"]
[Date "2016.08.21"]
[Round "9.47"]
[White "Eisheh, Jens-Tarek"]
[Black "Kutschke, Jens"]
[Result "0-1"]
[WhiteElo "1828"]
[BlackElo "2002"]
[PlyCount "92"]
[EventDate "2016.??.??"]
[WhiteTeam "Lübecker SV"]
[BlackTeam "SF 1903 Berlin"]

1. e4 e6 2. d4 d5 3. Nc3 Bb4 4. exd5 exd5 5. Bd3 Ne7 6. Qh5 Nbc6 7. a3 Ba5 8.
Nge2 Be6 9. O-O Qd7 10. Qg5 O-O-O 11. Nd1 h6 12. Qf4 f5 13. b4 g5 14. Qd2 Bb6
15. Bb2 f4 16. f3 Nf5 17. Bxf5 Bxf5 18. a4 a5 19. c3 Rde8 20. b5 Ne7 21. Nf2
Ng6 22. Rae1 h5 23. Ba3 Qf7 24. Nd3 Re3 25. Nec1 Rhe8 26. Bc5 Bxc5 27. dxc5 g4
28. fxg4 hxg4 29. Rxe3 fxe3 30. Qe2 Qe6 31. Nf4 Qe4 32. Nfd3 g3 33. Qf3 e2 34.
Re1 Qxf3 35. gxf3 Nh4 36. hxg3 Nxf3+ 37. Kf2 Nxe1 38. Nxe1 Bg4 39. Ncd3 Re4 40.
Nf4 c6 41. bxc6 bxc6 42. Ng6 Kc7 43. Nd3 Rxa4 44. Nge5 Bh5 45. Nf4 e1=Q+ 46.
Kxe1 Re4+ 0-1

[Event "Lichtenberger Sommer 2016"]
[Site "?"]
[Date "2016.08.21"]
[Round "9.48"]
[White "Witte, Ronald"]
[Black "Hoffbauer, Joerg"]
[Result "1-0"]
[WhiteElo "2023"]
[BlackElo "1765"]
[PlyCount "77"]
[EventDate "2016.??.??"]
[WhiteTeam "BSV 63 Chemie Weißensee"]
[BlackTeam "BSG Bund (FV Schach)"]

1. d4 b6 2. e4 Bb7 3. Nc3 e6 4. a3 c5 5. Nf3 cxd4 6. Nxd4 d6 7. Bb5+ Nd7 8. Be3
Ngf6 9. f3 Qc7 10. O-O Be7 11. Qe1 O-O 12. Qg3 Kh8 13. Rad1 Rac8 14. Be2 a6 15.
Nb3 b5 16. Bd3 Ne5 17. Qf2 Nc4 18. Bxc4 Qxc4 19. Na5 Qc7 20. Bb6 Qb8 21. Ba7
Qa8 22. Nxb7 Qxb7 23. Rd2 Nd7 24. Bd4 Rc7 25. Qg3 Rg8 26. f4 Nb6 27. f5 Nc4 28.
fxe6 fxe6 29. Rdf2 e5 30. Be3 Bh4 31. Qxh4 Nxe3 32. Re1 Qa7 33. Kh1 Rf7 34. h3
Nc4 35. Rxf7 Qxf7 36. Rd1 Ne3 37. Rc1 Rf8 38. Nd5 Qg6 39. Nxe3 1-0

[Event "Lichtenberger Sommer 2016"]
[Site "?"]
[Date "2016.08.21"]
[Round "9.49"]
[White "Richter, Götz"]
[Black "Woinowski, Michael"]
[Result "1-0"]
[WhiteElo "2009"]
[BlackElo "1734"]
[PlyCount "93"]
[EventDate "2016.??.??"]
[WhiteTeam "Klub Kölner SF"]
[BlackTeam "SC Kreuzberg"]

1. d4 d5 2. c4 e6 3. Nc3 c5 4. cxd5 exd5 5. Nf3 Nc6 6. g3 Nf6 7. Bg2 Be7 8. O-O
O-O 9. Bg5 c4 10. b3 Qa5 11. Qd2 Bb4 12. Bxf6 gxf6 13. Rac1 Bf5 14. Nh4 Bg6 15.
Nxg6 hxg6 16. Rfd1 Rfe8 17. Bf3 Rad8 18. Rc2 b5 19. bxc4 Bxc3 20. Rxc3 bxc4 21.
h4 Kg7 22. Kg2 Nb4 23. Qb2 Rb8 24. Ra3 Qd8 25. Qd2 a5 26. Re1 Nc6 27. g4 Na7
28. Rxa5 Nb5 29. Ra4 Ra8 30. Rxa8 Qxa8 31. Rb1 c3 32. Qd3 Na3 33. Rb3 c2 34.
Rxa3 c1=Q 35. Rxa8 Rxa8 36. Bxd5 Ra3 37. Bb3 Qf4 38. f3 Ra7 39. e3 Qd6 40. Qd2
Rc7 41. e4 Qa3 42. d5 Rc1 43. g5 fxg5 44. hxg5 Qc5 45. Qf2 Qa3 46. d6 Kf8 47.
Qd4 1-0

[Event "Lichtenberger Sommer 2016"]
[Site "?"]
[Date "2016.08.21"]
[Round "9.50"]
[White "Krusemark, Gerhard"]
[Black "Nofal, Jameel"]
[Result "0-1"]
[WhiteElo "1795"]
[BlackElo "1900"]
[PlyCount "76"]
[EventDate "2016.??.??"]
[WhiteTeam "TSG Fredersdorf/Vogelsdorf"]
[BlackTeam "vereinslos"]

1. e4 e5 2. Nf3 Nc6 3. Bb5 a6 4. Bxc6 dxc6 5. O-O Bg4 6. h3 Bxf3 7. Qxf3 Bc5 8.
d3 Qf6 9. Nd2 Qxf3 10. Nxf3 f6 11. Bd2 Ne7 12. Bc3 O-O-O 13. Rad1 Ng6 14. g3
Rd7 15. Rd2 Rhd8 16. Rfd1 Bd4 17. Nxd4 exd4 18. Bb4 b6 19. a4 c5 20. Ba3 Ne5
21. Kg2 a5 22. f4 Nc6 23. b3 g6 24. Bb2 f5 25. e5 Nb4 26. Re2 Nd5 27. Rde1 Re7
28. Kf3 Kd7 29. Bc1 Ke6 30. Bd2 Rf7 31. Rf1 c6 32. g4 g5 33. gxf5+ Rxf5 34. Ke4
Rdf8 35. Ref2 gxf4 36. Rxf4 Rxe5+ 37. Kf3 Nxf4 38. Bxf4 Rxf4+ 0-1

[Event "Lichtenberger Sommer 2016"]
[Site "?"]
[Date "2016.08.21"]
[Round "9.51"]
[White "Schmidt, Fabian"]
[Black "Thesing, Ansgar"]
[Result "1/2-1/2"]
[WhiteElo "1810"]
[BlackElo "1987"]
[PlyCount "50"]
[EventDate "2016.??.??"]
[WhiteTeam "Königsjäger Süd-West"]
[BlackTeam "SC Kreuzberg"]

1. e4 c5 2. Nf3 d6 3. d4 cxd4 4. Nxd4 Nf6 5. Nc3 a6 6. Be3 Nbd7 7. f3 b5 8. a4
b4 9. Nc6 Qc7 10. Nxb4 e6 11. Nd3 Bb7 12. Be2 Nb6 13. Nc1 d5 14. a5 Nbd7 15.
exd5 Nxd5 16. Nxd5 Bxd5 17. O-O Bb4 18. Bd2 Bd6 19. h3 Bc5+ 20. Kh1 O-O 21. Nd3
Ba7 22. Bf4 Qb7 23. c3 Bb3 24. Qc1 e5 25. Bg3 f5 1/2-1/2

[Event "Lichtenberger Sommer 2016"]
[Site "?"]
[Date "2016.08.21"]
[Round "9.52"]
[White "Casny, Guenter"]
[Black "Willich, Manfred"]
[Result "0-1"]
[WhiteElo "1862"]
[BlackElo "1969"]
[PlyCount "96"]
[EventDate "2016.??.??"]
[WhiteTeam "SC Rochade (Berlin)"]
[BlackTeam "SK Turm Bad Hersfeld"]

1. d4 Nf6 2. e3 g6 3. Bd3 Bg7 4. Nd2 O-O 5. Ngf3 d6 6. h3 Nbd7 7. c3 e5 8. e4
Qe7 9. O-O a6 10. a4 Rb8 11. Re1 Re8 12. Qe2 Nf8 13. Nf1 Nh5 14. dxe5 dxe5 15.
g4 Nf4 16. Bxf4 exf4 17. Kg2 c5 18. Rad1 Be6 19. c4 Bd7 20. Qc2 Bc6 21. N1h2
Ne6 22. b3 Rbd8 23. Nf1 Rd7 24. Be2 Red8 25. Rxd7 Rxd7 26. Rd1 Nd4 27. Rxd4
Rxd4 28. N3d2 Bxe4+ 29. Nxe4 Qxe4+ 30. Qxe4 Rxe4 31. Kf3 Rd4 32. Kg2 Kf8 33.
Bf3 b6 34. Bb7 a5 35. Bc6 Rd3 36. Bb5 Rxb3 37. Nd2 Rd3 38. Ne4 Ke7 39. Ng5 h6
40. Nf3 Ke6 41. Ne1 Rc3 42. Nf3 Bd4 43. Ne1 g5 44. Ba6 Ra3 45. Bc8+ Kd6 46. Kf1
Rxa4 47. Ba6 Ra2 48. f3 Rf2+ 0-1

[Event "Lichtenberger Sommer 2016"]
[Site "?"]
[Date "2016.08.21"]
[Round "9.53"]
[White "Wolff, Marie Antoinette"]
[Black "Kuran, Wilfried"]
[Result "0-1"]
[WhiteElo "1770"]
[BlackElo "1885"]
[PlyCount "84"]
[EventDate "2016.??.??"]
[WhiteTeam "Leegebrucher SF"]
[BlackTeam "Spielgemeinschaft Sauwald"]

1. c4 Nf6 2. Nc3 d5 3. cxd5 Nxd5 4. Nf3 e6 5. g3 Be7 6. Bg2 Nd7 7. O-O O-O 8.
d3 Bf6 9. Bd2 c6 10. Rc1 Re8 11. a3 Nf8 12. b4 Ng6 13. Qb3 Nxc3 14. Bxc3 e5 15.
Nd2 Be6 16. Qb2 Bd5 17. Ne4 Bxe4 18. Bxe4 Qd6 19. Bd2 Nf8 20. Be3 Ne6 21. Qb3
Nd4 22. Bxd4 exd4 23. a4 Rab8 24. Rc2 Re5 25. Rfc1 Be7 26. Rc4 h5 27. Qb2 Rd8
28. Qd2 g6 29. f4 Re6 30. f5 gxf5 31. Bxf5 Re3 32. Qe1 Qe5 33. Qf1 Rxe2 34. Be4
Rb2 35. Qf3 Bxb4 36. Rf1 Rf8 37. Qd1 Qg5 38. Kh1 f5 39. Qf3 fxe4 40. Qd1 e3 41.
Rxf8+ Bxf8 42. Qc1 Qd5+ 0-1

[Event "Lichtenberger Sommer 2016"]
[Site "?"]
[Date "2016.08.21"]
[Round "9.54"]
[White "Keusch, Horst"]
[Black "Radjenovisc, Branko"]
[Result "1-0"]
[WhiteElo "1973"]
[BlackElo "1802"]
[PlyCount "111"]
[EventDate "2016.??.??"]
[WhiteTeam "SC Eintracht Berlin"]
[BlackTeam "SK Dragojle Babic (Berlin)"]

1. f4 Nf6 2. Nf3 b6 3. d3 Bb7 4. e4 d6 5. Be2 Nc6 6. O-O g6 7. c3 Bg7 8. Qe1
Qd7 9. Bd1 e6 10. Ba4 Qe7 11. Nd4 Qd7 12. Nd2 e5 13. Nxc6 Bxc6 14. Bxc6 Qxc6
15. Nf3 Nd7 16. Qg3 O-O-O 17. Ng5 Rdf8 18. f5 h6 19. Nh3 g5 20. a4 f6 21. a5
Nc5 22. axb6 axb6 23. Be3 Nxd3 24. Nf2 Nxb2 25. Ra2 Nc4 26. Rfa1 Kd7 27. Bc1
Ra8 28. Qd3 Rxa2 29. Rxa2 Ra8 30. Rxa8 Qxa8 31. Qxc4 Qa1 32. Qf1 Qxc3 33. Qd1
Qc4 34. h3 c6 35. Be3 b5 36. Kh2 Ke7 37. Bb6 d5 38. Qf3 d4 39. Qa3+ b4 40. Qa7+
Kf8 41. Qb8+ Kf7 42. Qc7+ Kg8 43. Qd8+ Kh7 44. Qe8 b3 45. Bd8 Qg8 46. Qg6+ Kh8
47. Bxf6 c5 48. Qxh6+ Qh7 49. Bxg7+ Kg8 50. Qe6+ Kxg7 51. Qxb3 Qg8 52. Qg3 Qb8
53. Qxg5+ Kf8 54. Qf6+ Kg8 55. Ng4 Qc7 56. Nh6+ 1-0

[Event "Lichtenberger Sommer 2016"]
[Site "?"]
[Date "2016.08.21"]
[Round "9.55"]
[White "Wallmann, Bodo"]
[Black "Seitz, Patrick"]
[Result "0-1"]
[WhiteElo "1841"]
[BlackElo "1745"]
[PlyCount "72"]
[EventDate "2016.??.??"]
[WhiteTeam "SC Kreuzberg"]
[BlackTeam "SR Heuberg-Gosheim"]

1. d4 d5 2. Nf3 e6 3. e3 c5 4. b3 Nc6 5. c3 cxd4 6. exd4 Nf6 7. Bd3 Bd6 8. O-O
O-O 9. Bg5 e5 10. dxe5 Nxe5 11. Nxe5 Bxe5 12. h3 h6 13. Be3 Qc7 14. Bd4 Re8 15.
Nd2 Ne4 16. Nxe4 dxe4 17. Bc4 Be6 18. Bxe6 Rxe6 19. Bxe5 Rxe5 20. c4 Rd8 21.
Qe2 Rd6 22. Rad1 Rg6 23. f4 Re8 24. Qe3 f5 25. Rd5 Rd6 26. Rfd1 Red8 27. Rxd6
Rxd6 28. Rxd6 Qxd6 29. g3 b6 30. Kf2 Qc5 31. Qxc5 bxc5 32. g4 g6 33. gxf5 gxf5
34. h4 Kf7 35. h5 Ke6 36. Ke3 Kd6 0-1

[Event "Lichtenberger Sommer 2016"]
[Site "?"]
[Date "2016.08.21"]
[Round "9.56"]
[White "Milare, Tyron"]
[Black "Bladt, Johannes"]
[Result "1/2-1/2"]
[WhiteElo "1788"]
[BlackElo "1874"]
[PlyCount "73"]
[EventDate "2016.??.??"]
[WhiteTeam "Potsdamer SV"]
[BlackTeam "SK Singen"]

1. Nf3 f5 2. d4 Nf6 3. c4 g6 4. Bg5 Bg7 5. Nc3 d6 6. g3 O-O 7. Bg2 Na6 8. O-O
Qe8 9. Re1 Qf7 10. b3 Ne4 11. Bd2 e5 12. e3 Nxd2 13. Nxd2 c6 14. dxe5 dxe5 15.
Rc1 Nb4 16. Bf1 Be6 17. a3 Na6 18. Nf3 Rad8 19. Qc2 Qf6 20. Red1 g5 21. Rxd8
Rxd8 22. Rd1 Nc7 23. Bg2 e4 24. Nd4 Bf7 25. Bh3 Be6 26. Nce2 g4 27. Bg2 c5 28.
Nxe6 Nxe6 29. Bf1 Ng5 30. Bg2 Rd6 31. Rxd6 Qxd6 32. Nf4 Be5 33. Nd5 Kf7 34. Qd2
h5 35. Qa5 a6 36. Qb6 Qxb6 37. Nxb6 1/2-1/2

[Event "Lichtenberger Sommer 2016"]
[Site "?"]
[Date "2016.08.21"]
[Round "9.57"]
[White "Merz, Rüdiger"]
[Black "Caglar, Ertan"]
[Result "1-0"]
[WhiteElo "1908"]
[BlackElo "1626"]
[PlyCount "59"]
[EventDate "2016.??.??"]
[WhiteTeam "SK Zehlendorf"]
[BlackTeam "SW Lichtenrade"]

1. d4 e6 2. c4 Nf6 3. Nf3 d5 4. Bg5 Bb4+ 5. Nc3 dxc4 6. Qa4+ Nc6 7. e3 Bd7 8.
O-O-O a5 9. Nb5 h6 10. Bh4 g5 11. Bg3 Nd5 12. a3 Be7 13. Qxc4 Rc8 14. e4 Nb6
15. Qc2 Bf6 16. d5 O-O 17. dxc6 bxc6 18. Na7 Qe8 19. Nxc8 Qxc8 20. Ne5 Bxe5 21.
Bxe5 f6 22. Bc3 a4 23. Bb4 Rf7 24. h4 e5 25. hxg5 hxg5 26. Bc4 Nxc4 27. Qxc4
Be6 28. Qxc6 Bb3 29. Rd3 Qg4 30. Qe8+ 1-0

[Event "Lichtenberger Sommer 2016"]
[Site "?"]
[Date "2016.08.21"]
[Round "9.58"]
[White "Rüegsegger, Beat"]
[Black "Rehmsmeier, Marc"]
[Result "0-1"]
[WhiteElo "2011"]
[BlackElo "1686"]
[PlyCount "32"]
[EventDate "2016.??.??"]
[WhiteTeam "Trubschachen"]
[BlackTeam "vereinslos"]

1. e4 e5 2. Nf3 Nc6 3. d4 exd4 4. Bc4 Nf6 5. O-O Be7 6. Re1 O-O 7. Nxd4 Bc5 8.
Nb3 Bb6 9. e5 d5 10. exd6 Ng4 11. Be3 Bxe3 12. fxe3 Qh4 13. h3 Qf2+ 14. Kh1
Nxe3 15. Rxe3 Qxe3 16. Nc3 Bxh3 0-1

[Event "Lichtenberger Sommer 2016"]
[Site "?"]
[Date "2016.08.21"]
[Round "9.59"]
[White "Schilly, Hans-Joachim"]
[Black "Schilling, Florian"]
[Result "0-1"]
[WhiteElo "1804"]
[BlackElo "1932"]
[PlyCount "110"]
[EventDate "2016.??.??"]
[WhiteTeam "SF Siemensstadt"]
[BlackTeam "vereinslos"]

1. d4 f5 2. f4 Nf6 3. Nf3 e6 4. g3 c5 5. e3 b5 6. Bg2 Bb7 7. O-O Qb6 8. a4 a6
9. b3 cxd4 10. exd4 Be7 11. axb5 axb5 12. Rxa8 Bxa8 13. Ba3 b4 14. Bb2 O-O 15.
Nbd2 Nc6 16. Nc4 Qc7 17. Qe2 Rc8 18. h3 Ne4 19. Qe1 Bf6 20. Nfe5 d6 21. Nxc6
Bxc6 22. Kh2 d5 23. Bxe4 dxe4 24. Ne5 Bb5 25. Rf2 Be7 26. Rd2 Qb7 27. g4 Qd5
28. g5 g6 29. h4 Bd6 30. Qe3 Rd8 31. h5 Bxe5 32. fxe5 Kg7 33. Qh3 Rh8 34. Rd1
f4 35. h6+ Kf7 36. Re1 Ke7 37. c4 bxc3 38. Qxc3 Qc6 39. Qb4+ Kf7 40. Rc1 Qd7
41. Qa5 Rc8 42. Rxc8 Qxc8 43. Qa7+ Ke8 44. Qc5 Qxc5 45. dxc5 Kd7 46. Bc1 e3 47.
Kg2 Be2 48. Kg1 Kc6 49. b4 Kd5 50. Kh2 Kxe5 51. Kh3 Kd5 52. Kh2 e5 53. Kh3 Kc6
54. Kh2 Kb5 55. Kh3 Bf3 0-1

[Event "Lichtenberger Sommer 2016"]
[Site "?"]
[Date "2016.08.21"]
[Round "9.60"]
[White "Völler, Lothar"]
[Black "Lehmkuhl, Stefan"]
[Result "0-1"]
[WhiteElo "1778"]
[BlackElo "1875"]
[PlyCount "72"]
[EventDate "2016.??.??"]
[WhiteTeam "FS Dortmund"]
[BlackTeam "Breloher SC"]

1. c4 d6 2. Nc3 g6 3. g3 Bg7 4. Bg2 Nf6 5. e4 O-O 6. Nge2 c6 7. d3 Bg4 8. h3
Bc8 9. O-O Nbd7 10. Be3 e5 11. Qd2 Nc5 12. b4 Ne6 13. a4 Nh5 14. b5 Nc5 15.
Rab1 Bd7 16. g4 Nf4 17. Nxf4 exf4 18. Bxf4 Qf6 19. bxc6 bxc6 20. Ne2 Nxa4 21.
d4 Qe7 22. Rb7 Rfd8 23. e5 dxe5 24. Bxc6 Nb6 25. Rxd7 Nxd7 26. Bxa8 Rxa8 27.
dxe5 Nxe5 28. Bxe5 Bxe5 29. f4 Bc7 30. f5 Bb6+ 31. Kg2 Qe4+ 32. Rf3 Rd8 33. Qa2
Rd3 34. Ng1 Bxg1 35. Kxg1 Rxf3 36. fxg6 hxg6 0-1

[Event "Lichtenberger Sommer 2016"]
[Site "?"]
[Date "2016.08.21"]
[Round "9.61"]
[White "Kapp, Frank"]
[Black "Schneider, Eckehard"]
[Result "0-1"]
[WhiteElo "1913"]
[BlackElo "1800"]
[PlyCount "98"]
[EventDate "2016.??.??"]
[WhiteTeam "TSV IFA Chemnitz"]
[BlackTeam "SF 1903 Berlin"]

1. d4 Nf6 2. Nc3 d5 3. Bf4 e6 4. e3 a6 5. a3 Bd6 6. Bxd6 Qxd6 7. Bd3 O-O 8. Nf3
Nbd7 9. e4 dxe4 10. Nxe4 Nxe4 11. Bxe4 Nf6 12. Qe2 Nxe4 13. Qxe4 Qd5 14. Qf4
Qd6 15. Qe5 Bd7 16. O-O-O b5 17. Rhe1 Bc6 18. Qh5 Qf4+ 19. Re3 Rad8 20. g3 Qf6
21. Qe5 Qe7 22. Rd2 Rd5 23. Qe4 Rfd8 24. c3 Ba8 25. Qc2 Qf6 26. Ne5 c5 27. Rf3
Qh6 28. Nxf7 Qxh2 29. Nxd8 Rxd8 30. Rf4 g5 31. Re4 Qh1+ 32. Qd1 Qxd1+ 33. Rxd1
Bxe4 34. Re1 Bd5 35. dxc5 Rf8 36. Re2 Kg7 37. Kc2 Kg6 38. Rd2 a5 39. Kd3 Kf5
40. b4 Kg4 41. Kd4 Kf5 42. Re2 Bc4 43. Rc2 Rd8+ 44. Ke3 Rd3+ 45. Ke2 Rxc3+ 46.
Kd2 Rd3+ 47. Ke1 Rxa3 48. Rxc4 bxc4 49. c6 axb4 0-1